Fire Emblem Playable Characters - Y - Statistics

General Stats
  • This quiz has been taken 91 times
    10 since last reset
  • The average score is 8 of 14
Answer Stats
Answer % Correct
Yoder
80%
Yuliya
80%
Yuri
80%
Yarne
60%
Ylgr
60%
Ymir (FEH)
60%
Ymir (SD)
60%
Yunaka
60%
Yune
60%
Yashiro
40%
Yen'fay
40%
Yuzu
40%
Yukimura
20%
Yuni
20%
No matching quizzes found
Score Distribution
Percent of People with Each Score
Percentile by Number Answered
Your Score History
You have not taken this quiz since the last reset